00474nam a2200157 a 450000100100000000500170001000800410002702000150006804000250008308200150010811000280012324500460015126000400019730000210023750000580025800004091420201002034455.0130911s1999 ck 000 0 spa d a9580430500 aDO-SdBNPbspacBNPHU axxxxbxxxx2 aNorma (grupo editorial)10aDiccionario de sinónimos y antónimos. aBogotá, Colombia :bNorma,c1999. a338 p. ;c19 cm. aLa biblioteca posee la segunda reimpresión del 2000